| 000 | 01541nam a22002057a 4500 | ||
|---|---|---|---|
| 999 |
_c18009 _d18005 |
||
| 003 | AR-BaUME | ||
| 005 | 20260311111141.0 | ||
| 008 | 260311b ||||| |||| 00| 0 spa d | ||
| 040 |
_aUMET Biblioteca _bspa _cUMET Biblioteca |
||
| 100 |
_aVocobelli, Ramiro _927321 |
||
| 245 |
_aDiversificación de la oferta turística de San Antonio de Areco a través del Turismo de Aventura / _cRamiro Vocobelli; tutora Valeria L. Fischer |
||
| 250 | _a1a ed. | ||
| 260 |
_aCiudad de Buenos Aires : _bUMET, _c2024 |
||
| 300 | _a53 p : | ||
| 502 |
_aTesis (Licenciatura en Turismo) - _cUniversidad Metropolitana para la Educación y el Trabajo, Ciudad de Buenos Aires, _d2024. |
||
| 520 |
_a"La presente producción, se basa en la elaboración de un proyecto de intervención aplicado a la localidad turística de San Antonio de Areco. El mismo tiene como fin contribuir al desarrollo turístico del destino haciendo énfasis en la descentralización de su oferta turística. Esta investigación-acción permitirá diversificar la oferta turística del destino y potenciar el turismo de aventura. Por otra parte, el trabajo tiene como objetivo, conceptualizar y caracterizar el turismo de aventura y sus actividades asociadas, caracterizar el destino, evaluar la situación actual del turismo de aventura y por último elaborar propuestas afines a la modalidad turística mencionada." _c(resumen) |
||
| 700 |
_aFischer, Valeria L. _etut. _927322 |
||
| 856 |
_uhttps://forms.gle/Kw4PRVhcEaZfTaho8 _zSolicitar acceso online |
||
| 942 |
_2udc _cTESIS GR |
||